<?xml version="1.0" encoding="UTF-8"?>
<record
    xmlns:xsi="http://www.w3.org/2001/XMLSchema-instance"
    xsi:schemaLocation="http://www.loc.gov/MARC21/slim http://www.loc.gov/standards/marcxml/schema/MARC21slim.xsd"
    xmlns="http://www.loc.gov/MARC21/slim">

  <leader>01356nam a22002537a 4500</leader>
  <controlfield tag="005">20110125165535.0</controlfield>
  <datafield tag="010" ind1=" " ind2=" ">
    <subfield code="a">B-422605</subfield>
  </datafield>
  <datafield tag="020" ind1=" " ind2=" ">
    <subfield code="a">9788127255909</subfield>
    <subfield code="c">110.00</subfield>
  </datafield>
  <datafield tag="035" ind1=" " ind2=" ">
    <subfield code="a">B-422605</subfield>
  </datafield>
  <datafield tag="037" ind1=" " ind2=" ">
    <subfield code="a">&#x92F;&#x942;.&#x92C;&#x940;.&#x90F;&#x91A;. / &#x935;&#x93F;&#x924;&#x930;&#x915;</subfield>
  </datafield>
  <datafield tag="082" ind1=" " ind2=" ">
    <subfield code="a">651.7</subfield>
  </datafield>
  <datafield tag="100" ind1=" " ind2=" ">
    <subfield code="a">&#x935;&#x940;&#x930;&#x947;&#x928;&#x94D;&#x926;&#x94D;&#x930; &#x915;&#x941;&#x92E;&#x93E;&#x930;</subfield>
    <subfield code="9">25617</subfield>
  </datafield>
  <datafield tag="245" ind1=" " ind2=" ">
    <subfield code="a">&#x935;&#x94D;&#x92F;&#x93E;&#x935;&#x938;&#x93E;&#x92F;&#x93F;&#x915; &#x938;&#x902;&#x91A;&#x93E;&#x930; &#x915;&#x941;&#x936;&#x94D;&#x932;&#x924;&#x93E;&#x90F;&#x901;-&#x935;&#x930;&#x94D;&#x915;&#x936;&#x93E;&#x92A; /</subfield>
    <subfield code="c">&#x935;&#x940;&#x930;&#x947;&#x928;&#x94D;&#x926;&#x94D;&#x930; &#x915;&#x941;&#x92E;&#x93E;&#x930;, &#x92C;&#x94B;&#x927; &#x930;&#x93E;&#x91C; &#x90F;&#x935;&#x902; &#x938;&#x940;.&#x90F;&#x932;. &#x917;&#x94D;&#x930;&#x94B;&#x935;&#x930;</subfield>
  </datafield>
  <datafield tag="246" ind1=" " ind2=" ">
    <subfield code="a">Vyavsayik sanchar kushltayen workshop</subfield>
    <subfield code="b">by Virendra Kumar, Bodh Raj and C. L. Grover</subfield>
  </datafield>
  <datafield tag="250" ind1=" " ind2=" ">
    <subfield code="a">5&#x935;&#x93E;&#x901; &#x938;&#x902;&#x936;&#x94B;.&#x938;&#x902;&#x938;&#x94D;&#x915;.</subfield>
  </datafield>
  <datafield tag="260" ind1=" " ind2=" ">
    <subfield code="b">&#x915;&#x932;&#x94D;&#x92F;&#x93E;&#x923;&#x940; &#x92A;&#x92C;&#x94D;&#x932;&#x93F;&#x936;&#x930;&#x94D;&#x938;</subfield>
    <subfield code="c">2009</subfield>
    <subfield code="a">&#x932;&#x941;&#x927;&#x93F;&#x92F;&#x93E;&#x928;&#x93E;</subfield>
  </datafield>
  <datafield tag="270" ind1=" " ind2=" ">
    <subfield code="a">1/1, Rajendra Nagar, </subfield>
    <subfield code="b">Ludhiyana</subfield>
    <subfield code="e">141048</subfield>
  </datafield>
  <datafield tag="300" ind1=" " ind2=" ">
    <subfield code="a">&#x935;&#x93F;.&#x92A;&#x943;. </subfield>
    <subfield code="b">24 &#x938;&#x947;&#x92E;&#x940;(&#x905;&#x91C;&#x93F;&#x932;&#x94D;&#x926;)</subfield>
  </datafield>
  <datafield tag="500" ind1=" " ind2=" ">
    <subfield code="a">&#x92C;&#x940;.&#x915;&#x93E;&#x92E;. I  &#x92A;&#x94D;&#x930;&#x925;&#x92E; &#x938;&#x92E;&#x948;&#x938;&#x94D;&#x91F;&#x930; &#x90F;&#x92E;. &#x921;&#x940;. &#x935;&#x93F;&#x936;&#x94D;&#x935;&#x935;&#x93F;&#x926;&#x94D;&#x92F;&#x93E;&#x932;&#x92F; &#x915;&#x947; &#x92A;&#x93E;&#x920;&#x94D;&#x92F;&#x915;&#x94D;&#x930;&#x92E; &#x905;&#x928;&#x941;&#x938;&#x93E;&#x930;</subfield>
  </datafield>
  <datafield tag="700" ind1=" " ind2=" ">
    <subfield code="a">&#x92C;&#x94B;&#x927; &#x930;&#x93E;&#x91C;</subfield>
    <subfield code="9">24988</subfield>
  </datafield>
  <datafield tag="700" ind1=" " ind2=" ">
    <subfield code="a">&#x917;&#x94D;&#x930;&#x94B;&#x935;&#x930;, &#x938;&#x940;.&#x90F;&#x932;. </subfield>
    <subfield code="9">24989</subfield>
  </datafield>
  <datafield tag="942" ind1=" " ind2=" ">
    <subfield code="2">ddc</subfield>
    <subfield code="c">HN</subfield>
    <subfield code="h">651.7</subfield>
    <subfield code="m">&#x935;&#x940;&#x930;&#x947;&#x928;&#x94D;&#x926;&#x94D;&#x930;</subfield>
  </datafield>
  <datafield tag="999" ind1=" " ind2=" ">
    <subfield code="c">50112</subfield>
    <subfield code="d">50112</subfield>
  </datafield>
</record>
